| 000 | 00511nam a2200145 a 4500 | ||
|---|---|---|---|
| 008 | 120416s1963 ||||||||||||||||| || u | ||
| 050 | _aTS 156.Q3 Han | ||
| 100 | _aHansen, Bertrand L | ||
| 245 | 1 | 0 | _aQuality control |
| 246 | _atheory and applications | ||
| 260 |
_aEnglewood Cliffs _bFT Prentice-Hall _c1963 |
||
| 300 | _axii, 498p. | ||
| 350 | _a0.00 | ||
| 995 |
_D0.00 _FCBU-MAIN LIBRARY (Kitwe) _H1 _I0.00 _UAVAILABLE _ZMain Library Open Access Collection |
||
| 999 |
_c55401 _d55401 |
||